| 000 | 00797nam a22002177a 4500 | ||
|---|---|---|---|
| 999 |
_c370895 _d370895 |
||
| 008 | 201130b ||||| |||| 00| 0 eng d | ||
| 040 |
_bger _cDE-2950 _erda _aDE-2950 |
||
| 041 | _ager | ||
| 100 | _aMahlke Lisa: | ||
| 245 |
_aDemo im Oldtimer. _bProtest: Das Baden im Helenesee ist verboten. Das Treffen von rund 120 Oldtimer-Freunden am See nicht. Sie forderten eine schnelle Öffnung./ _cMahlke Lisa, Matschkowiak René |
||
| 264 | _c2021 | ||
| 653 | _aFrankfurt (Oder) | ||
| 653 | _aHelenesee | ||
| 653 | _aOldtimer | ||
| 653 | _aProtest | ||
| 773 |
_dFrankfurt (Oder): Märkisches Verlags- und Druckhaus GmbH & Co KG _g32. Jahrgang (2021) Nr. 231 vom 04.10.2021, S. 15 _tMärkische Oderzeitung |
||
| 942 | _cA | ||